|
|
|
|
| LEADER |
02491nam a22006372a 4500 |
| 001 |
nkc20152682549 |
| 003 |
CZ PrNK |
| 005 |
20160122085637.0 |
| 007 |
ta |
| 008 |
150306s2015 xr e 000 0 cze |
| 015 |
|
|
|a cnb002682549
|
| 020 |
|
|
|a 978-80-88013-07-5
|q (brož.) :
|c Kč 286,00
|
| 035 |
|
|
|a (OCoLC)908821734
|
| 040 |
|
|
|a OLA001
|b cze
|
| 041 |
0 |
|
|a cze
|b eng
|
| 043 |
|
|
|a e-cs---
|a e-xr---
|
| 045 |
|
|
|a x1y0
|
| 072 |
|
7 |
|a 94(437)
|x Dějiny Česka a Slovenska
|2 Konspekt
|9 8
|
| 080 |
|
|
|a 316.6:159.953
|2 MRF
|
| 080 |
|
|
|a 930.1:159.953
|2 MRF
|
| 080 |
|
|
|a 94(437.3)"19"
|2 MRF
|
| 080 |
|
|
|a 323
|2 MRF
|
| 080 |
|
|
|a (437)
|2 MRF
|
| 080 |
|
|
|a (048.8)
|2 MRF
|
| 100 |
1 |
|
|a Holubec, Stanislav,
|d 1978-
|7 mzk2002112987
|4 aut
|
| 245 |
1 |
0 |
|a Ještě nejsme za vodou :
|b obrazy druhých a historická paměť v období postkomunistické transformace /
|c Stanislav Holubec
|
| 246 |
3 |
0 |
|a Obrazy druhých a historická paměť v období postkomunistické transformace
|
| 250 |
|
|
|a Vyd. 1.
|
| 260 |
|
|
|a Praha :
|b Scriptorium,
|c 2015
|
| 300 |
|
|
|a 310 s. ;
|c 21 cm
|
| 500 |
|
|
|a 700 výt.
|
| 504 |
|
|
|a Obsahuje bibliografii a bibliografické odkazy
|
| 546 |
|
|
|a Anglické resumé
|
| 648 |
|
7 |
|a 1991-2000
|7 ch460587
|2 czenas
|
| 648 |
|
7 |
|a 20. století
|7 ch460558
|2 czenas
|
| 650 |
0 |
7 |
|a sociální paměť
|7 ph114496
|z Československo
|2 czenas
|
| 650 |
0 |
7 |
|a sociální paměť
|7 ph114496
|z Česko
|y 1991-2000
|2 czenas
|
| 650 |
0 |
7 |
|a historické vědomí
|7 ph573524
|z Československo
|2 czenas
|
| 650 |
0 |
7 |
|a historické vědomí
|7 ph573524
|z Česko
|y 1991-2000
|2 czenas
|
| 650 |
0 |
9 |
|a social memory
|z Czechoslovakia
|2 eczenas
|
| 650 |
0 |
9 |
|a social memory
|z Czechia
|y 1991-2000
|2 eczenas
|
| 650 |
0 |
9 |
|a historical consciousness
|z Czechoslovakia
|2 eczenas
|
| 650 |
0 |
9 |
|a historical consciousness
|z Czechia
|y 1991-2000
|2 eczenas
|
| 655 |
|
7 |
|a studie
|7 fd133597
|2 czenas
|
| 655 |
|
9 |
|a studies
|2 eczenas
|
| 651 |
|
7 |
|a Česko
|7 ge128065
|x dějiny
|y 20. století
|2 czenas
|
| 651 |
|
7 |
|a Česko
|7 ge128065
|x společnost a politika
|y 1991-2000
|2 czenas
|
| 651 |
|
7 |
|a Československo
|7 ge131689
|x společnost a politika
|2 czenas
|
| 651 |
|
9 |
|a Czechia
|x history
|y 20th century
|2 eczenas
|
| 651 |
|
9 |
|a Czechia
|x society and politics
|y 1991-2000
|2 eczenas
|
| 651 |
|
9 |
|a Czechoslovakia
|x society and politics
|2 eczenas
|
| 910 |
2 |
|
|a BOA001
|b 2-1343.871
|
| 990 |
|
|
|a BK
|
| 995 |
|
|
|a 01
|
| 991 |
|
|
|b 201504
|c NOV
|e n
|
| 996 |
6 |
|
|b 2610627198
|c 2-1343.871
|l MZK
|r Sklad / do 1 hodiny
|n 3
|p p.v.
|w 001497198
|u 000010
|a 1
|e BOA001
|j MZK50
|s P
|